[Event "European Senior Team Championship 2021"]
[Site "Don Giovanni hotel, Vinohradska 2733, Prague, Czech Republic"]
[Date "2021.09.04"]
[Round "6"]
[Board "1"]
[White "Gruenfeld, Yehuda"]
[Black "Pribyl, Josef"]
[Result "1-0"]
[WhiteElo "2397"]
[BlackElo "2226"]
[PlyCount "0"]
[EventDate "2021.08.30"]
[EventType "team"]
[EventRounds "9"]
[EventCountry "ECX"]
[WhiteTeam "ISRAEL 1"]
[BlackTeam "CHESS ACADEMY PRAHA"]

1. e4 {[%clk 1:30:54]} c5 {[%clk 1:30:58]} 2. Nf3 {[%clk 1:31:11]} Nf6
{[%clk 1:31:25]} 3. Nc3 {[%clk 1:19:09]} Nc6 {[%clk 1:31:51]} 4. Bb5
{[%clk 1:18:49]} e6 {[%clk 1:32:11]} 5. e5 {[%clk 1:17:24]} Nd5 {[%clk 1:32:38]}
6. Bxc6 {[%clk 1:17:41]} dxc6 {[%clk 1:25:37]} 7. Ne4 {[%clk 1:15:57]} Be7
{[%clk 1:25:36]} 8. d3 {[%clk 1:14:03]} O-O {[%clk 1:24:02]} 9. O-O
{[%clk 1:09:13]} b6 {[%clk 1:21:06]} 10. Qe2 {[%clk 1:05:58]} f5 {[%clk 1:12:50]}
11. exf6 {[%clk 1:03:55]} Nxf6 {[%clk 1:12:50]} 12. Neg5 {[%clk 1:03:01]} Qd6
{[%clk 1:10:52]} 13. Re1 {[%clk 1:01:09]} Re8 {[%clk 1:00:00]} 14. Ne5
{[%clk 1:00:55]} Bf8 {[%clk 0:57:06]} 15. c4 {[%clk 0:57:17]} h6 {[%clk 0:50:50]}
16. Ngf3 {[%clk 0:48:31]} Qc7 {[%clk 0:50:51]} 17. b3 {[%clk 0:44:00]} a5
{[%clk 0:47:30]} 18. a4 {[%clk 0:43:49]} Bd6 {[%clk 0:46:26]} 19. Bb2
{[%clk 0:43:56]} Nd7 {[%clk 0:41:39]} 20. Qe4 {[%clk 0:42:20]} Nxe5
{[%clk 0:36:38]} 21. Nxe5 {[%clk 0:42:18]} Rf8 {[%clk 0:34:14]} 22. Re3
{[%clk 0:41:53]} Ra7 {[%clk 0:24:44]} 23. Rae1 {[%clk 0:41:28]} Bxe5
{[%clk 0:23:12]} 24. Bxe5 {[%clk 0:41:51]} Qf7 {[%clk 0:23:39]} 25. Rf3
{[%clk 0:39:52]} Qe8 {[%clk 0:24:02]} 26. Rxf8+ {[%clk 0:38:59]} Kxf8
{[%clk 0:24:29]} 27. Qh7 {[%clk 0:38:46]} Qf7 {[%clk 0:22:02]} 28. Re3
{[%clk 0:38:23]}  1-0

[Event "European Senior Team Championship 2021"]
[Site "Don Giovanni hotel, Vinohradska 2733, Prague, Czech Republic"]
[Date "2021.09.04"]
[Round "6"]
[Board "2"]
[White "Mlynek, Petr"]
[Black "Birnboim, Nathan"]
[Result "0-1"]
[WhiteElo "2058"]
[BlackElo "2375"]
[PlyCount "0"]
[EventDate "2021.08.30"]
[EventType "team"]
[EventRounds "9"]
[EventCountry "ECX"]
[WhiteTeam "CHESS ACADEMY PRAHA"]
[BlackTeam "ISRAEL 1"]

1. d4 {[%clk 1:30:56]} Nf6 {[%clk 1:30:45]} 2. c4 {[%clk 1:31:16]} c5
{[%clk 1:30:46]} 3. d5 {[%clk 1:31:26]} e5 {[%clk 1:29:54]} 4. Nc3
{[%clk 1:30:59]} d6 {[%clk 1:29:22]} 5. e4 {[%clk 1:30:48]} Be7 {[%clk 1:29:07]}
6. f4 {[%clk 1:28:56]} exf4 {[%clk 1:26:38]} 7. Bxf4 {[%clk 1:29:11]} O-O
{[%clk 1:26:42]} 8. Nf3 {[%clk 1:28:05]} Nh5 {[%clk 1:22:07]} 9. Be3
{[%clk 1:25:13]} Re8 {[%clk 1:21:23]} 10. Bd3 {[%clk 1:22:45]} Bh4+
{[%clk 1:06:09]} 11. Kd2 {[%clk 1:12:30]} Bf6 {[%clk 1:02:22]} 12. h3
{[%clk 1:08:59]} Bxc3+ {[%clk 1:00:25]} 13. bxc3 {[%clk 1:08:11]} Ng3
{[%clk 0:58:54]} 14. Qc2 {[%clk 1:06:33]} Nxh1 {[%clk 0:59:07]} 15. Rxh1
{[%clk 1:07:01]} Nd7 {[%clk 0:56:25]} 16. e5 {[%clk 1:05:26]} Nxe5
{[%clk 0:55:00]} 17. Bxh7+ {[%clk 1:04:50]} Kh8 {[%clk 0:55:06]} 18. Nxe5
{[%clk 1:04:48]} Rxe5 {[%clk 0:53:59]} 19. Bf4 {[%clk 1:03:35]} Re8
{[%clk 0:51:17]} 20. Bd3 {[%clk 1:00:05]} Qe7 {[%clk 0:49:40]} 21. Qd1
{[%clk 0:59:28]} g6 {[%clk 0:36:40]} 22. h4 {[%clk 0:51:18]} Kg8 {[%clk 0:29:24]}
23. g4 {[%clk 0:39:26]} b5 {[%clk 0:26:53]} 24. Qf3 {[%clk 0:36:43]} bxc4
{[%clk 0:19:48]} 25. Bg5 {[%clk 0:33:40]} Qe5 {[%clk 0:18:44]} 26. Bf6
{[%clk 0:31:52]} Bxg4 {[%clk 0:18:48]}  0-1

[Event "European Senior Team Championship 2021"]
[Site "Don Giovanni hotel, Vinohradska 2733, Prague, Czech Republic"]
[Date "2021.09.04"]
[Round "6"]
[Board "3"]
[White "Lederman, Leon"]
[Black "Horak, Vladimir"]
[Result "1/2-1/2"]
[WhiteElo "2246"]
[BlackElo "1954"]
[PlyCount "0"]
[EventDate "2021.08.30"]
[EventType "team"]
[EventRounds "9"]
[EventCountry "ECX"]
[WhiteTeam "ISRAEL 1"]
[BlackTeam "CHESS ACADEMY PRAHA"]

1. e4 {[%clk 1:30:57]} e6 {[%clk 1:30:55]} 2. d4 {[%clk 1:31:20]} d5
{[%clk 1:31:19]} 3. Nc3 {[%clk 1:31:46]} Bb4 {[%clk 1:30:14]} 4. e5
{[%clk 1:32:11]} Ne7 {[%clk 1:30:35]} 5. a3 {[%clk 1:32:15]} Bxc3+
{[%clk 1:30:54]} 6. bxc3 {[%clk 1:32:43]} c5 {[%clk 1:30:56]} 7. Nf3
{[%clk 1:33:05]} Qc7 {[%clk 1:30:51]} 8. Bd3 {[%clk 1:32:59]} b6 {[%clk 1:30:19]}
9. O-O {[%clk 1:31:46]} Ba6 {[%clk 1:30:18]} 10. Bxa6 {[%clk 1:28:53]} Nxa6
{[%clk 1:30:46]} 11. Qd3 {[%clk 1:28:58]} Nb8 {[%clk 1:26:23]} 12. a4
{[%clk 1:25:33]} Nd7 {[%clk 1:20:57]} 13. Ba3 {[%clk 1:20:46]} Rc8
{[%clk 1:16:48]} 14. Rfc1 {[%clk 1:20:30]} h6 {[%clk 1:13:38]} 15. a5
{[%clk 1:17:24]} O-O {[%clk 1:09:46]} 16. axb6 {[%clk 1:16:13]} axb6
{[%clk 1:10:12]} 17. Ra2 {[%clk 1:10:24]} Rfe8 {[%clk 1:06:16]} 18. Rca1
{[%clk 1:10:01]} Ra8 {[%clk 1:05:19]} 19. Bb2 {[%clk 1:01:01]} Qc6
{[%clk 0:51:35]} 20. Ra7 {[%clk 0:54:47]} Rxa7 {[%clk 0:43:02]} 21. Rxa7
{[%clk 0:55:09]} Ra8 {[%clk 0:37:40]} 22. Qa6 {[%clk 0:51:57]} Rxa7
{[%clk 0:38:09]} 23. Qxa7 {[%clk 0:52:20]} Qb5 {[%clk 0:24:33]} 24. g3
{[%clk 0:51:30]} Qxb2 {[%clk 0:20:34]} 25. Qxd7 Ng6 26. dxc5 {[%clk 0:49:01]}
bxc5 {[%clk 0:20:12]} 27. Qc8+ {[%clk 0:49:16]} Nf8 {[%clk 0:20:22]} 28. Qxc5
{[%clk 0:49:36]} Qxc2 {[%clk 0:20:42]} 29. Qd4 {[%clk 0:47:52]} Qf5
{[%clk 0:16:21]}  1/2-1/2

[Event "European Senior Team Championship 2021"]
[Site "Don Giovanni hotel, Vinohradska 2733, Prague, Czech Republic"]
[Date "2021.09.04"]
[Round "6"]
[Board "4"]
[White "Vesely, Emanuel"]
[Black "Kagan, Shimon"]
[Result "1/2-1/2"]
[WhiteElo "1808"]
[BlackElo "2292"]
[PlyCount "0"]
[EventDate "2021.08.30"]
[EventType "team"]
[EventRounds "9"]
[EventCountry "ECX"]
[WhiteTeam "CHESS ACADEMY PRAHA"]
[BlackTeam "ISRAEL 1"]

1. e4 c5 {[%clk 1:29:01]} 2. Nf3 {[%clk 1:31:52]} Nc6 {[%clk 1:29:18]} 3. d4
{[%clk 1:32:11]} cxd4 {[%clk 1:29:36]} 4. Nxd4 {[%clk 1:32:34]} g6
{[%clk 1:29:52]} 5. Nc3 {[%clk 1:32:06]} Bg7 {[%clk 1:30:12]} 6. Be3
{[%clk 1:32:14]} Nf6 {[%clk 1:30:20]} 7. Bc4 {[%clk 1:32:11]} O-O
{[%clk 1:30:06]} 8. Bb3 {[%clk 1:30:52]} d6 {[%clk 1:29:00]} 9. f3
{[%clk 1:26:16]} Bd7 {[%clk 1:28:28]} 10. O-O {[%clk 1:24:30]} Ne5
{[%clk 1:21:13]} 11. Nd5 {[%clk 1:15:12]} Rc8 {[%clk 1:16:30]} 12. Rf2
{[%clk 1:08:35]} a5 {[%clk 1:12:44]} 13. a4 {[%clk 1:05:16]} Nxd5
{[%clk 1:10:23]} 14. Bxd5 {[%clk 1:02:54]} Nc4 {[%clk 1:08:40]} 15. Bxc4
{[%clk 1:02:10]} Rxc4 {[%clk 1:08:23]} 16. c3 {[%clk 0:58:13]} Qc7
{[%clk 0:55:14]} 17. Qb3 {[%clk 0:55:40]} Rc8 {[%clk 0:49:35]} 18. Rd2
{[%clk 0:52:52]} b6 {[%clk 0:39:26]} 19. Nb5 {[%clk 0:48:20]} Qb8
{[%clk 0:36:29]} 20. Nd4 {[%clk 0:45:45]} Qc7 {[%clk 0:33:25]} 21. Nb5
{[%clk 0:45:32]}  1/2-1/2

[Event "European Senior Team Championship 2021"]
[Site "Don Giovanni hotel, Vinohradska 2733, Prague, Czech Republic"]
[Date "2021.09.04"]
[Round "6"]
[Board "1"]
[White "Knaak, Rainer"]
[Black "Farago, Ivan"]
[Result "1-0"]
[WhiteElo "2476"]
[BlackElo "2323"]
[PlyCount "0"]
[EventDate "2021.08.30"]
[EventType "team"]
[EventRounds "9"]
[EventCountry "ECX"]
[WhiteTeam "LASKER SCHACHSTIFTUNG GK"]
[BlackTeam "HUNGARY"]

1. c4 {[%clk 1:30:51]} Nf6 {[%clk 1:30:37]} 2. Nc3 {[%clk 1:31:12]} e5
{[%clk 1:30:29]} 3. g3 {[%clk 1:31:26]} Bb4 {[%clk 1:30:13]} 4. Bg2
{[%clk 1:31:44]} O-O {[%clk 1:30:24]} 5. e4 {[%clk 1:32:00]} Nc6 {[%clk 1:29:02]}
6. Nge2 {[%clk 1:31:53]} Bc5 {[%clk 1:29:04]} 7. O-O {[%clk 1:22:23]} d6
{[%clk 1:29:16]} 8. h3 {[%clk 1:19:41]} Be6 {[%clk 1:26:59]} 9. d3
{[%clk 1:19:25]} h6 {[%clk 1:19:09]} 10. Kh2 {[%clk 1:18:06]} Nd4
{[%clk 0:56:40]} 11. Nxd4 {[%clk 1:14:37]} Bxd4 {[%clk 0:55:53]} 12. Ne2
{[%clk 1:14:46]} Bb6 {[%clk 0:53:43]} 13. b3 {[%clk 1:13:27]} a5 {[%clk 0:49:15]}
14. Bb2 {[%clk 1:00:38]} Bd7 {[%clk 0:45:52]} 15. f4 {[%clk 0:45:13]} Qe7
{[%clk 0:43:59]} 16. Ng1 {[%clk 0:37:37]} Bd4 {[%clk 0:31:24]} 17. Bxd4
{[%clk 0:29:40]} exd4 {[%clk 0:31:44]} 18. Qd2 {[%clk 0:29:27]} c5
{[%clk 0:31:31]} 19. Rae1 {[%clk 0:29:42]} Bc6 {[%clk 0:28:40]} 20. Nf3
{[%clk 0:28:16]} Nd7 {[%clk 0:27:16]} 21. g4 {[%clk 0:27:34]} b6 {[%clk 0:23:48]}
22. Qf2 {[%clk 0:23:21]} Rae8 {[%clk 0:21:09]} 23. Qg3 {[%clk 0:21:03]} g5
{[%clk 0:20:24]} 24. fxg5 {[%clk 0:12:26]} hxg5 {[%clk 0:20:44]} 25. e5
{[%clk 0:12:46]} Qd8 {[%clk 0:13:48]} 26. exd6 {[%clk 0:12:36]} Bxf3
{[%clk 0:13:40]} 27. Bxf3 {[%clk 0:12:28]} f6 {[%clk 0:12:03]} 28. Rxe8
{[%clk 0:04:05]} Rxe8 {[%clk 0:12:04]} 29. Be4 {[%clk 0:04:10]} Ne5
{[%clk 0:11:48]} 30. d7 {[%clk 0:03:35]} Rf8 {[%clk 0:11:26]} 31. Bf5
{[%clk 0:02:21]} Nxd7 {[%clk 0:11:03]} 32. h4 {[%clk 0:02:47]} gxh4
{[%clk 0:08:33]} 33. Qxh4 {[%clk 0:03:15]} Qe7 {[%clk 0:08:25]} 34. Kg2
{[%clk 0:02:27]} Qe2+ {[%clk 0:05:38]} 35. Rf2 {[%clk 0:02:38]} Qe7
{[%clk 0:06:00]} 36. Kf1 {[%clk 0:02:25]} Ne5 {[%clk 0:04:05]} 37. Rh2
{[%clk 0:02:37]} Qg7 {[%clk 0:04:08]} 38. Be6+ {[%clk 0:02:53]} Nf7
{[%clk 0:04:28]} 39. Qh5 {[%clk 0:03:03]}  1-0

[Event "European Senior Team Championship 2021"]
[Site "Don Giovanni hotel, Vinohradska 2733, Prague, Czech Republic"]
[Date "2021.09.04"]
[Round "6"]
[Board "2"]
[White "Hardicsay, Peter"]
[Black "Kalinitschew, Sergey"]
[Result "0-1"]
[WhiteElo "2185"]
[BlackElo "2434"]
[PlyCount "0"]
[EventDate "2021.08.30"]
[EventType "team"]
[EventRounds "9"]
[EventCountry "ECX"]
[WhiteTeam "HUNGARY"]
[BlackTeam "LASKER SCHACHSTIFTUNG GK"]

1. d4 {[%clk 1:30:55]} f5 {[%clk 1:29:46]} 2. g3 {[%clk 1:30:47]} Nf6
{[%clk 1:30:07]} 3. Bg2 {[%clk 1:31:06]} g6 {[%clk 1:29:06]} 4. Nf3
{[%clk 1:26:43]} Bg7 {[%clk 1:28:50]} 5. O-O {[%clk 1:26:57]} O-O
{[%clk 1:28:52]} 6. b3 {[%clk 1:27:18]} d6 {[%clk 1:26:20]} 7. Bb2
{[%clk 1:27:15]} c6 {[%clk 1:24:49]} 8. Nbd2 {[%clk 1:19:41]} Na6
{[%clk 1:23:11]} 9. a3 {[%clk 1:15:19]} Nc7 {[%clk 1:21:25]} 10. c4
{[%clk 1:07:03]} b5 {[%clk 1:05:26]} 11. Qc2 {[%clk 1:03:06]} Rb8
{[%clk 1:03:23]} 12. Rac1 {[%clk 0:56:56]} Bd7 {[%clk 1:03:40]} 13. Bc3
{[%clk 0:55:11]} Ne6 {[%clk 0:59:31]} 14. e4 {[%clk 0:52:48]} fxe4
{[%clk 0:58:34]} 15. Nxe4 {[%clk 0:52:03]} Nxe4 {[%clk 0:58:58]} 16. Qxe4
{[%clk 0:52:21]} bxc4 {[%clk 0:59:25]} 17. bxc4 {[%clk 0:51:50]} Rb3
{[%clk 0:59:05]} 18. Bd2 {[%clk 0:23:43]} Rfxf3 {[%clk 0:48:50]} 19. Bxf3
{[%clk 0:23:55]} Nxd4 {[%clk 0:49:19]} 20. Bd1 {[%clk 0:20:55]} Bf5
{[%clk 0:49:39]} 21. Qh4 {[%clk 0:20:21]} Rd3 {[%clk 0:50:00]}  0-1

[Event "European Senior Team Championship 2021"]
[Site "Don Giovanni hotel, Vinohradska 2733, Prague, Czech Republic"]
[Date "2021.09.04"]
[Round "6"]
[Board "3"]
[White "Meister, Jakob"]
[Black "Volosin, Vladimir"]
[Result "1-0"]
[WhiteElo "2416"]
[BlackElo "2235"]
[PlyCount "0"]
[EventDate "2021.08.30"]
[EventType "team"]
[EventRounds "9"]
[EventCountry "ECX"]
[WhiteTeam "LASKER SCHACHSTIFTUNG GK"]
[BlackTeam "HUNGARY"]

1. e4 {[%clk 1:30:58]} c6 {[%clk 1:30:48]} 2. d4 {[%clk 1:31:12]} d5
{[%clk 1:31:07]} 3. Nc3 {[%clk 1:31:09]} dxe4 {[%clk 1:31:25]} 4. Nxe4
{[%clk 1:31:37]} Nf6 {[%clk 1:31:27]} 5. Nxf6+ {[%clk 1:31:54]} gxf6
{[%clk 1:31:42]} 6. Nf3 {[%clk 1:32:13]} Bg4 {[%clk 1:31:53]} 7. Be2
{[%clk 1:32:23]} e6 {[%clk 1:32:07]} 8. Bf4 {[%clk 1:31:58]} Bd6 {[%clk 1:31:06]}
9. Qd2 {[%clk 1:31:32]} Bxf3 {[%clk 1:12:14]} 10. Bxf3 {[%clk 1:31:44]} Bxf4
{[%clk 1:12:01]} 11. Qxf4 {[%clk 1:32:12]} Nd7 {[%clk 1:12:12]} 12. O-O
{[%clk 1:31:36]} O-O {[%clk 1:09:05]} 13. c4 {[%clk 1:30:52]} Kh8
{[%clk 0:56:49]} 14. Rfd1 {[%clk 1:26:30]} Rg8 {[%clk 0:52:43]} 15. d5
{[%clk 1:25:40]} e5 {[%clk 0:47:57]} 16. Qe3 {[%clk 1:22:50]} c5 {[%clk 0:47:02]}
17. Be4 {[%clk 1:19:40]} Rg7 {[%clk 0:41:16]} 18. Rd3 {[%clk 1:13:29]} Qb6
{[%clk 0:30:26]} 19. Rb3 {[%clk 1:09:56]} Qd6 {[%clk 0:15:51]} 20. Rxb7
{[%clk 1:07:56]} Rag8 {[%clk 0:10:42]} 21. g3 {[%clk 1:06:43]} Rg5
{[%clk 0:07:31]} 22. Qd3 {[%clk 1:00:33]} h5 {[%clk 0:05:11]} 23. Bf5
{[%clk 0:56:53]} Nf8 {[%clk 0:03:43]} 24. Rxf7 {[%clk 0:55:56]} h4
{[%clk 0:02:11]} 25. Qe4 {[%clk 0:55:28]} Rh5 {[%clk 0:02:06]} 26. g4
{[%clk 0:50:56]} h3 {[%clk 0:01:12]} 27. Kh1 {[%clk 0:48:28]} Rh6
{[%clk 0:01:29]} 28. Rd1 {[%clk 0:45:33]} Ng6 {[%clk 0:01:20]} 29. Bxg6
{[%clk 0:44:44]} Rgxg6 {[%clk 0:01:19]} 30. Qf5 {[%clk 0:43:03]} Qa6
{[%clk 0:01:31]} 31. Rf8+ {[%clk 0:40:46]} Kg7 {[%clk 0:01:04]} 32. Qc8
{[%clk 0:34:29]} Qxc8 {[%clk 0:01:16]} 33. Rxc8 {[%clk 0:34:57]} Rh8
{[%clk 0:00:44]} 34. Rxh8 {[%clk 0:34:57]} Kxh8 {[%clk 0:01:13]} 35. d6
{[%clk 0:35:01]} Rg8 {[%clk 0:01:27]} 36. Rd3 {[%clk 0:35:06]}  1-0

[Event "European Senior Team Championship 2021"]
[Site "Don Giovanni hotel, Vinohradska 2733, Prague, Czech Republic"]
[Date "2021.09.04"]
[Round "6"]
[Board "4"]
[White "Boguszlavszkij, Jevgenyij"]
[Black "Koehler, Gerhard"]
[Result "0-1"]
[WhiteElo "2144"]
[BlackElo "2183"]
[PlyCount "0"]
[EventDate "2021.08.30"]
[EventType "team"]
[EventRounds "9"]
[EventCountry "ECX"]
[WhiteTeam "HUNGARY"]
[BlackTeam "LASKER SCHACHSTIFTUNG GK"]

1. g3 {[%clk 1:30:17]} d5 {[%clk 1:28:40]} 2. Bg2 {[%clk 1:30:35]} c5
{[%clk 1:28:36]} 3. c3 {[%clk 1:30:26]} Nf6 {[%clk 1:25:29]} 4. d4
{[%clk 1:30:36]} e6 {[%clk 1:25:31]} 5. Nf3 {[%clk 1:30:04]} Nc6 {[%clk 1:25:32]}
6. O-O {[%clk 1:30:23]} Bd6 {[%clk 1:24:23]} 7. Na3 {[%clk 1:18:31]} cxd4
{[%clk 1:12:50]} 8. cxd4 {[%clk 1:18:37]} a6 {[%clk 1:12:57]} 9. Nc2
{[%clk 1:18:31]} O-O {[%clk 1:12:36]} 10. Nce1 {[%clk 1:17:22]} Qb6
{[%clk 1:10:10]} 11. e3 {[%clk 1:13:33]} Bd7 {[%clk 1:09:30]} 12. Nd3
{[%clk 1:08:14]} Rfc8 {[%clk 1:09:32]} 13. Nfe5 {[%clk 1:01:31]} Be8
{[%clk 1:09:39]} 14. Bd2 {[%clk 0:56:51]} Ne4 {[%clk 1:07:23]} 15. Bxe4
{[%clk 0:53:49]} dxe4 {[%clk 1:07:26]} 16. Nc4 {[%clk 0:54:05]} Qc7
{[%clk 0:56:20]} 17. Nxd6 {[%clk 0:54:17]} Qxd6 {[%clk 0:56:48]} 18. Nc5
{[%clk 0:53:19]} Qd5 {[%clk 0:53:56]} 19. Na4 {[%clk 0:40:15]} Qb5
{[%clk 0:46:36]} 20. b3 {[%clk 0:25:03]} b6 {[%clk 0:42:02]} 21. Nb2
{[%clk 0:12:47]} Rab8 {[%clk 0:34:21]} 22. Nc4 {[%clk 0:12:50]} Qd5
{[%clk 0:33:46]} 23. Rc1 {[%clk 0:12:20]} f6 {[%clk 0:29:51]} 24. Qe2
{[%clk 0:11:44]} Bh5 {[%clk 0:19:23]} 25. g4 {[%clk 0:11:37]} Qg5
{[%clk 0:16:50]} 26. f4 {[%clk 0:10:49]} exf3 {[%clk 0:15:59]} 27. Qxf3
{[%clk 0:11:08]} Bxg4 {[%clk 0:12:46]} 28. Qg3 {[%clk 0:10:35]} Rd8
{[%clk 0:13:00]} 29. Rf2 {[%clk 0:08:00]} Bf5 {[%clk 0:09:39]} 30. Qxg5
{[%clk 0:08:04]} fxg5 {[%clk 0:10:07]} 31. Be1 {[%clk 0:06:30]} h6
{[%clk 0:08:02]} 32. Rb2 {[%clk 0:05:59]} b5 {[%clk 0:07:34]} 33. Nd2
{[%clk 0:04:57]} Nb4 {[%clk 0:06:51]} 34. Rc7 {[%clk 0:05:01]} Rbc8
{[%clk 0:05:10]} 35. Rxc8 {[%clk 0:04:34]} Rxc8 {[%clk 0:05:38]} 36. e4
{[%clk 0:03:22]} Bg6 {[%clk 0:04:50]} 37. Bg3 {[%clk 0:02:09]} Nd3
{[%clk 0:04:26]} 38. Rb1 {[%clk 0:02:36]} Rc2 {[%clk 0:04:36]} 39. Nf1
{[%clk 0:01:36]} Bxe4 {[%clk 0:04:46]} 40. Ne3 {[%clk 0:01:55]} Rxa2
{[%clk 0:04:45]} 41. Kf1 {[%clk 0:01:33]} h5 {[%clk 0:04:12]} 42. Nd1
{[%clk 0:00:56]} h4 {[%clk 0:29:30]} 43. Bd6 {[%clk 0:31:10]} Nf4
{[%clk 0:28:04]} 44. Rc1 {[%clk 0:31:06]} Bd3+ {[%clk 0:28:14]}  0-1

[Event "European Senior Team Championship 2021"]
[Site "Don Giovanni hotel, Vinohradska 2733, Prague, Czech Republic"]
[Date "2021.09.04"]
[Round "6"]
[Board "1"]
[White "Jansa, Vlastimil"]
[Black "Huss, Andreas"]
[Result "1-0"]
[WhiteElo "2420"]
[BlackElo "2249"]
[PlyCount "0"]
[EventDate "2021.08.30"]
[EventType "team"]
[EventRounds "9"]
[EventCountry "ECX"]
[WhiteTeam "LYSA NAD LABEM - 100 LET"]
[BlackTeam "SWITZERLAND"]

1. e4 {[%clk 1:30:55]} e6 {[%clk 1:30:51]} 2. d4 {[%clk 1:31:16]} d5
{[%clk 1:31:12]} 3. Nd2 {[%clk 1:31:22]} c5 {[%clk 1:31:31]} 4. Ngf3
{[%clk 1:31:25]} Nc6 {[%clk 1:31:26]} 5. exd5 {[%clk 1:31:21]} exd5
{[%clk 1:31:45]} 6. Bb5 {[%clk 1:30:51]} Bd6 {[%clk 1:31:38]} 7. dxc5
{[%clk 1:30:40]} Bxc5 {[%clk 1:31:57]} 8. O-O {[%clk 1:30:46]} Nge7
{[%clk 1:32:13]} 9. Nb3 {[%clk 1:29:58]} Bd6 {[%clk 1:32:22]} 10. Re1
{[%clk 1:28:03]} O-O {[%clk 1:31:42]} 11. Bd3 {[%clk 1:28:11]} h6
{[%clk 1:29:55]} 12. h3 {[%clk 1:27:43]} Bf5 {[%clk 1:27:19]} 13. c3
{[%clk 1:25:38]} Qd7 {[%clk 1:22:49]} 14. Be3 {[%clk 1:21:44]} Rad8
{[%clk 1:18:52]} 15. Bc5 {[%clk 1:10:24]} Bxc5 {[%clk 1:15:40]} 16. Nxc5
{[%clk 1:10:43]} Qc7 {[%clk 1:14:51]} 17. Qe2 {[%clk 1:02:23]} Bxd3
{[%clk 1:08:14]} 18. Nxd3 {[%clk 0:57:22]} Ng6 {[%clk 1:04:56]} 19. Rad1
{[%clk 0:54:09]} d4 {[%clk 0:57:55]} 20. c4 {[%clk 0:51:13]} Nf4 {[%clk 0:56:25]}
21. Qe4 {[%clk 0:46:13]} Nxd3 {[%clk 0:53:33]} 22. Rxd3 {[%clk 0:39:57]} Nb4
{[%clk 0:45:39]} 23. Rxd4 {[%clk 0:35:28]} Rxd4 {[%clk 0:44:33]} 24. Qxd4
{[%clk 0:25:19]} Nc2 {[%clk 0:42:25]} 25. Qe5 {[%clk 0:25:39]} Qxc4
{[%clk 0:41:04]} 26. Rc1 {[%clk 0:22:58]} Qd3 {[%clk 0:29:35]} 27. Qc5
{[%clk 0:21:58]}  1-0

[Event "European Senior Team Championship 2021"]
[Site "Don Giovanni hotel, Vinohradska 2733, Prague, Czech Republic"]
[Date "2021.09.04"]
[Round "6"]
[Board "2"]
[White "Hugentobler, Patrick"]
[Black "Hausner, Ivan"]
[Result "1/2-1/2"]
[WhiteElo "2168"]
[BlackElo "2336"]
[PlyCount "0"]
[EventDate "2021.08.30"]
[EventType "team"]
[EventRounds "9"]
[EventCountry "ECX"]
[WhiteTeam "SWITZERLAND"]
[BlackTeam "LYSA NAD LABEM - 100 LET"]

1. e4 {[%clk 1:30:56]} d6 {[%clk 1:30:56]} 2. d4 {[%clk 1:31:17]} Nf6
{[%clk 1:31:21]} 3. Nc3 {[%clk 1:31:40]} c6 {[%clk 1:31:46]} 4. f4
{[%clk 1:31:29]} Qa5 {[%clk 1:32:10]} 5. Bd3 {[%clk 1:31:32]} e5 {[%clk 1:32:30]}
6. Nf3 {[%clk 1:31:21]} Bg4 {[%clk 1:32:55]} 7. Be3 {[%clk 1:31:05]} Nbd7
{[%clk 1:33:19]} 8. O-O {[%clk 1:30:18]} Be7 {[%clk 1:33:39]} 9. h3
{[%clk 1:29:44]} Bxf3 {[%clk 1:34:04]} 10. Qxf3 {[%clk 1:30:04]} O-O
{[%clk 1:29:13]} 11. Ne2 {[%clk 1:27:24]} Rae8 {[%clk 1:17:38]} 12. Ng3
{[%clk 1:19:51]} exd4 {[%clk 1:17:57]} 13. Bxd4 {[%clk 1:19:22]} g6
{[%clk 1:18:17]} 14. Rae1 {[%clk 1:02:15]} Nc5 {[%clk 1:13:25]} 15. Bc4
{[%clk 0:44:58]} Ne6 {[%clk 1:13:04]} 16. Bxe6 {[%clk 0:44:04]} fxe6
{[%clk 1:13:28]} 17. Qb3 {[%clk 0:41:06]} d5 {[%clk 1:13:37]} 18. f5
{[%clk 0:34:28]} exf5 {[%clk 1:13:01]} 19. exf5 {[%clk 0:29:43]} Bc5
{[%clk 1:10:23]} 20. Rd1 {[%clk 0:29:15]} Bxd4+ {[%clk 1:04:33]} 21. Rxd4
{[%clk 0:29:39]} Qb6 {[%clk 1:04:54]} 22. Qxb6 {[%clk 0:28:25]} axb6
{[%clk 1:05:18]} 23. fxg6 {[%clk 0:27:49]} hxg6 {[%clk 1:05:39]} 24. Rdf4
{[%clk 0:26:37]} Kg7 {[%clk 1:05:46]} 25. R1f2 {[%clk 0:22:21]} b5
{[%clk 1:03:16]} 26. Kf1 {[%clk 0:20:21]} Nd7 {[%clk 1:00:49]} 27. Rxf8
{[%clk 0:20:00]} Nxf8 {[%clk 1:01:11]} 28. Ne2 {[%clk 0:17:18]} Ne6
{[%clk 1:01:06]} 29. c3 {[%clk 0:11:02]} Nc5 {[%clk 0:59:27]} 30. Rf3
{[%clk 0:10:13]} Na4 {[%clk 0:57:33]} 31. b3 {[%clk 0:10:11]} Nc5
{[%clk 0:57:57]} 32. Ng3 {[%clk 0:09:57]} Ra8 {[%clk 0:56:51]} 33. Rf2
{[%clk 0:09:49]} Nd3 {[%clk 0:56:59]} 34. Rc2 {[%clk 0:08:58]} Re8
{[%clk 0:49:56]} 35. Re2 {[%clk 0:08:46]} Rf8+ {[%clk 0:50:16]} 36. Kg1
{[%clk 0:09:10]} Ra8 {[%clk 0:44:58]} 37. Rc2 {[%clk 0:05:00]} Kf6
{[%clk 0:44:31]} 38. Kf1 {[%clk 0:04:21]} Ke5 {[%clk 0:44:00]} 39. Ke2
{[%clk 0:04:07]} Nf4+ {[%clk 0:42:22]} 40. Kf3 {[%clk 0:03:13]} Rf8
{[%clk 0:42:19]} 41. Kg4 {[%clk 0:29:24]} Ne6 {[%clk 1:12:19]} 42. Ne2
{[%clk 0:27:50]} c5 {[%clk 1:11:06]} 43. Ng1 {[%clk 0:26:05]} Rf4+
{[%clk 1:05:47]} 44. Kg3 {[%clk 0:26:28]} Rf6 {[%clk 1:06:06]} 45. Re2+
{[%clk 0:25:10]} Kd6 {[%clk 1:06:28]} 46. Rf2 {[%clk 0:24:37]} Rxf2
{[%clk 1:05:38]} 47. Kxf2 {[%clk 0:25:06]} Ke5 {[%clk 1:04:32]} 48. g3
{[%clk 0:21:53]} Ke4 {[%clk 1:03:51]} 49. h4 {[%clk 0:16:56]} Kd3
{[%clk 1:00:26]} 50. Ne2 {[%clk 0:16:59]} d4 {[%clk 1:00:51]} 51. cxd4
{[%clk 0:16:30]} cxd4 {[%clk 1:01:15]} 52. g4 {[%clk 0:15:41]} Kc2
{[%clk 1:01:35]} 53. Nxd4+ {[%clk 0:13:42]} Nxd4 {[%clk 1:01:58]} 54. Ke3
{[%clk 0:13:48]} Nc6 {[%clk 1:02:11]} 55. h5 {[%clk 0:13:33]} gxh5
{[%clk 1:02:35]} 56. gxh5 {[%clk 0:14:02]} Ne5 {[%clk 1:02:10]} 57. Kd4
{[%clk 0:13:59]} Ng4 {[%clk 1:02:24]} 58. Kc5 {[%clk 0:14:10]} Kb2
{[%clk 1:02:46]}  1/2-1/2